| 000 | 00944cam a22002775i 4500 | ||
|---|---|---|---|
| 999 |
_c27790 _d27761 |
||
| 001 | 4805260 | ||
| 003 | EG-ScBUE | ||
| 005 | 20201124143307.0 | ||
| 008 | 881206s1984 cc a f b 000 0 eng d | ||
| 020 | _a0677313306 | ||
| 040 |
_aDLC _beng _erda _cDLC _dDLC _dEG-ScBUE |
||
| 082 | 0 | 4 |
_a531.3823 _bHAI _222 |
| 100 | 1 |
_aHu, Haichang, _eauthor. _938187 |
|
| 245 | 1 | 0 |
_aVariational principles of theory of elasticity with applications / _cHu Haichang. |
| 264 | 1 |
_aBeijing, China : _bScience Press ; _aNew York : _bGordon and Breach, Science Publishers, _c1984. |
|
| 300 |
_avii, 491 pages : _billustrations ; _c25 cm. |
||
| 336 |
_atext _btxt _2rdacontent |
||
| 337 |
_aunmediated _bn _2rdamedia |
||
| 338 |
_avolume _bnc _2rdacarrier |
||
| 490 | 0 | _aSeries of mechanics | |
| 504 | _aIncludes bibliographical references. | ||
| 650 | 7 |
_aElasticity. _2BUEsh _918407 |
|
| 653 |
_bENGCHE _cNovember2019 |
||
| 655 |
_vReading book _934232 |
||
| 942 |
_2ddc _cBB |
||